banner-ar

THE WORLD CONFERENCES: DEVELOPING PRIORITIES FOR THE 21st CENTURY / (Record no. 15177)

MARC details
000 -الفاتح
حقل البيانات ثابتة الطول 00498nam a2200169Ia 4500
008 - عناصر البيانات ثابتة الطول - معلومات عامة
حقل البيانات ثابتة الطول 140319s9999 xx 000 0 eng d
040 ## - مصدر الفهرسة
وكالة الفهرسة الأصلية GCL /
وكالة النسخ GCL
082 04 - رقم تصنيف ديوى العشرى
رقم التصنيف 060
رقم المادة D W
100 1# - المدخل الرئيسى - إسم شخصى
الإسم الشخصى DEPARTMENT OF PUBLIC
245 10 - بيان العنوان
العنوان THE WORLD CONFERENCES: DEVELOPING PRIORITIES FOR THE 21st CENTURY /
بيان المسئوليه,etc DEPARTMENT OF PUBLIC
260 ## - PUBLICATION, DISTRIBUTION, ETC. (IMPRINT)
تاريخ النشر أو التوزيع 1997
300 ## - الوصف المادى
التعداد 112 P
650 04 - المدخل الاضافى بالموضوع-مصطلح موضوعى
مصطلح موضوعي CONFERENCES
650 04 - المدخل الاضافى بالموضوع-مصطلح موضوعى
مصطلح موضوعي WORLD CONFIRENCES
942 ## - عناصر المدخل الإضافي( كوها)
مصدر التصنيف او مخطط الترفيف Dewey Decimal Classification
Koha [default] item type كتاب
260 ## - PUBLICATION, DISTRIBUTION, ETC. (IMPRINT)
-- [S.N] :
-- DEPARTMANT OF PUBLIC INFORMATION ،
Holdings
حالة التراجع حالة الفقد حالة تلف ليس للاعارة المكان المؤقت الموقع الحالى تاريخ الاكتساب اجمالي اﻻعارات رقم الطلب الباركود تاريخ اخر مشاهدة تاريخ تفعيل السعر نوع وعاء كوها
        مكتبة القاهرة الكبرى مكتبة القاهرة الكبرى 03/26/2014   060\D W 28224 03/26/2014 03/26/2014 كتاب

Powered By

EGPV